| 000 | 00601nam a2200169Ia 4500 | ||
|---|---|---|---|
| 008 | 090711s9999 xx 000 0 und d | ||
| 082 | _b72954 | ||
| 100 | _aखाडिलकर नीलकंठ य. | ||
| 245 | _aआSाार्य अत्रे झंझावात | ||
| 260 | _c1993 | ||
| 300 | _a74 | ||
| 600 | _aखाडिलकर नीलकंठ य. | ||
| 630 | _aआSाार्य अत्रे झंझावात | ||
| 700 | _aखाडिलकर नीलकंठ य. | ||
| 730 | _aआSाार्य अत्रे झंझावात | ||
| 942 | _cBOOK | ||
| 999 |
_c292126 _d292126 |
||